00313nam a2200133Ia 45000030006000000080041000060400015000471000036000622450033000982500010001312600009001415460012001500050017001620STCL150530s9999 xx 000 0 und d aSTCLcSTCL aViswanathan, B.; Raghavan, P.S. aPractical Physical Chemistry aFirst c2005 aEnglish20220125170241.0